000 01627 a2200229 4500
003 Nust
005 20221128101207.0
010 _a 75035591
020 _a0716703572
040 _cNust
082 0 0 _a530,ROM
100 1 _aRomer, Robert H.
_9103659
245 1 0 _aEnergy :
_ban introduction to physics /
_cRobert H. Romer.
260 _aSan Francisco :
_bW. H. Freeman,
_cc1976.
300 _axvii, 628 p. :
_bill. ;
_c24 cm.
505 _aThe Concept of Energy and the Role of Energy in Society (Page-2), Conservation of Mechanical Energy and Gravitational Potential Energy (Page-48), Momentum Force and Work (Page-92), The Concept of Energy and Three Important Applications Hydroelectricity Transportation and Heating (Page-126), Newton’s Law of Universal Gravitation (Page-172), The First Law of Thermodynamics The Generalization of the Law of Conservation of Energy (Page-202), The Second Law of Thermodynamics (Page-240), Electrical Energy and its Uses (Page-272), Electromagnetism The Generation and Transmission of Electrical Energy (Page-318), The Energy Problem Past Present and Future Patterns of Energy Supply and Consumption (Page-346), The Nature of Light and Other Types of Radiation and the Earth Energy Balance (Page-366), Atoms Their Structure and Energy (Page-396), Radioactivity and Nuclear Physics (Page-414), Nuclear Fission and Nuclear Fission Power Plants (Page-458), Nuclear Fusion Power (Page-486) Solar Energy (Page-516).
650 0 _aForce and energy.
_944778
650 0 _aPhysics.
650 0 _aPower (Mechanics)
_982773
650 0 _aPower resources.
_93458
942 _2ddc
_cBK
_k530,ROM
999 _c183988
_d183988